The political economy of early exit (Registro nro. 48795)
[ vista simple ]
| 000 -CABECERA | |
|---|---|
| Longitud fija campo de control | 01145naa a2200313 c 4500 |
| 001 - NÚMERO DE CONTROL | |
| Número de control | 48795 |
| 003 - IDENTIFICADOR DE NÚMERO DE CONTROL | |
| Identificador del número de control | ES-MaCES |
| 005 - FECHA Y HORA DE LA ÚLTIMA TRANSACCIÓN | |
| Fecha y hora de la última transacción | 20170126141722.0 |
| 008 - CAMPO FIJO DE DESCRIPCIÓN FIJA--INFORMACIÓN GENERAL | |
| Códigos de información de longitud fija | 170126s2016 uk ||||| t||||||| ||eng d |
| 040 ## - FUENTE DE CATALOGACIÓN | |
| Centro catalogador de origen | ES-MaCES |
| Lengua de catalogación | spa |
| Centro transcriptor | ES-MaCES |
| Centro modificado | ES-MaCES |
| 100 1# - ENCABEZAMIENTO PRINCIPAL--NOMBRE PERSONAL | |
| 9 (RLIN) | 37727 |
| Nombre de persona | Schmitt, Carina |
| 245 14 - MENCIÓN DE TÍTULO | |
| Título | The political economy of early exit |
| Resto del título | : the politics of cost-shifting |
| Mención de responsabilidad, etc. | Carina Schmitt, Peter Starke |
| 500 ## - NOTA GENERAL | |
| Nota general | Resumen |
| 504 ## - NOTA DE BIBLIOGRAFÍA, ETC. | |
| Nota de bibliografía, etc. | Bibliografía: p. 406-407 |
| 650 #4 - ASIENTO SECUNDARIO DE MATERIA--TÉRMINO DE MATERIA | |
| 9 (RLIN) | 27025 |
| Término de materia o nombre geográfico como elemento inicial | política económica |
| 650 #4 - ASIENTO SECUNDARIO DE MATERIA--TÉRMINO DE MATERIA | |
| 9 (RLIN) | 29152 |
| Término de materia o nombre geográfico como elemento inicial | jubilación anticipada |
| 650 #4 - ASIENTO SECUNDARIO DE MATERIA--TÉRMINO DE MATERIA | |
| 9 (RLIN) | 29257 |
| Término de materia o nombre geográfico como elemento inicial | jubilado |
| 650 #4 - ASIENTO SECUNDARIO DE MATERIA--TÉRMINO DE MATERIA | |
| 9 (RLIN) | 29550 |
| Término de materia o nombre geográfico como elemento inicial | vida activa |
| 650 #4 - ASIENTO SECUNDARIO DE MATERIA--TÉRMINO DE MATERIA | |
| 9 (RLIN) | 30465 |
| Término de materia o nombre geográfico como elemento inicial | pago de prestaciones |
| 650 #4 - ASIENTO SECUNDARIO DE MATERIA--TÉRMINO DE MATERIA | |
| 9 (RLIN) | 27041 |
| Término de materia o nombre geográfico como elemento inicial | prestaciones de vejez |
| 650 #4 - ASIENTO SECUNDARIO DE MATERIA--TÉRMINO DE MATERIA | |
| 9 (RLIN) | 28076 |
| Término de materia o nombre geográfico como elemento inicial | gasto público |
| 650 #4 - ASIENTO SECUNDARIO DE MATERIA--TÉRMINO DE MATERIA | |
| 9 (RLIN) | 27034 |
| Término de materia o nombre geográfico como elemento inicial | seguridad social |
| 650 #4 - ASIENTO SECUNDARIO DE MATERIA--TÉRMINO DE MATERIA | |
| 9 (RLIN) | 29347 |
| Término de materia o nombre geográfico como elemento inicial | estadísticas del trabajo |
| 653 10 - TÉRMINO DE INDEXACIÓN--NO CONTROLADO | |
| Término no controlado | Seguridad Social |
| 700 1# - ENCABEZAMIENTO SECUNDARIO--NOMBRE PERSONAL | |
| 9 (RLIN) | 37728 |
| Nombre de persona | Starke, Peter |
| 773 0# - ENTRADA DE DOCUMENTO FUENTE | |
| Itemnumber del ítem fuente | 85635 |
| Lugar, editor y fecha de publicación | London [etc.] Sage |
| Otro identificador del documento | 088533 |
| Título | European journal of industrial relations |
| Número de control del registro relacionado | (ES-MaCES)25885 |
| Parte(s) relacionada(s) | vol. 22, no 4 (Dec. 2016) {55/920 R. 088533} ;p. 391-407 |
| 902 ## - CES. TIPO DE DOCUMENTO | |
| Tipodoc (006$c Sirtex) | ART Artículo de revista |
| 942 ## - ELEMENTOS KOHA | |
| Fuente de clasificaión o esquema | Clasificación propia del CES |
| Koha [por defecto] tipo de item | Artículos (1982-2017) |
| Parte de clasificación | Seguridad social |
No hay ítems disponibles.
